000 00661nam a22002057a 4500
005 20251108164247.0
008 250721s1986 xx 000 0 ara d
082 1 4 _a329.3/سعي
100 1 _aالسعيد، رفعت
245 1 0 _aحسن البنا :
_bمؤسس حركة " الإخوان المسلمين " متى .. كيف ... و لماذا /
250 _aط4.
264 1 _aبيروت :
_bدار الطليعة للطباعة و النشر،
_c1986.
300 _a248ص
650 1 7 _aالإخوان المسلمون
650 1 7 _aمصر
650 1 7 _aالتاريخ
650 1 7 _aالعلوم السياسية
942 _2ddc
_cBK
999 _c7710
_d7710